|
|
|
|
| LEADER |
01676nam a2200337 a 4500 |
| 001 |
15812 |
| 003 |
BD-DhAAL |
| 008 |
091101s2004 caua b 000 0 eng d |
| 010 |
|
|
|a \\2004016443
|
| 020 |
|
|
|a 0761933107 (pbk.)
|
| 020 |
|
|
|a 9780761933106 (pbk.)
|
| 020 |
|
|
|a 8178294346 (Indian- pbk.)
|
| 020 |
|
|
|a 9788178294346(Indian- pbk.)
|
| 040 |
|
|
|a DLC
|c DLC
|d DLC
|d BD-DhAAL
|
| 082 |
0 |
0 |
|a 338.91091724
|2 22
|
| 100 |
1 |
|
|a Dale, Reidar.
|9 57253
|
| 245 |
1 |
0 |
|a Evaluating development programmes and projects /
|c Reidar Dale.
|
| 250 |
|
|
|a Second edition.
|
| 260 |
|
|
|a Thousand Oaks, Calif. :
|b Sage,
|c 2004.
|
| 300 |
|
|
|a 213 pages :
|b illustrations ;
|c 25 cm
|
| 500 |
|
|
|a Rev. ed. of: Evaluation frameworks for development programmes and projects. 1998.
|
| 504 |
|
|
|a Includes bibliographical references (pages [207]-210).
|
| 526 |
|
|
|a BBS
|x Suntu Kumar Ghosh
Faculty member of BRAC Business School
Course Title and No. : N/A
|
| 541 |
1 |
|
|e 15812
|a Law Publishers
|
| 650 |
|
0 |
|a Economic development projects
|x Evaluation.
|9 55137
|
| 700 |
1 |
|
|a Dale, Reidar.
|t Evaluation frameworks for development programmes and projects.
|9 57254
|
| 852 |
4 |
|
|a Ayesha Abed Library
|c General Stacks
|
| 942 |
0 |
0 |
|0 2
|2 ddc
|c BK
|
| 999 |
|
|
|c 4996
|d 4996
|
| 952 |
|
|
|0 0
|1 0
|2 ddc
|4 0
|6 338_910917240000000_DAL_2004
|7 0
|9 4819
|a BRACUL
|b BRACUL
|c GEN
|d 2009-11-02
|e Law Publishers
|g 847.00
|l 4
|m 31
|o 338.91091724 DAL
|p 3010015812
|r 2015-12-10
|s 2015-10-17
|t 1
|w 2009-11-02
|y BK
|x Requisitioned by Suntu Kumar Ghosh (Faculty member of BBS) ; USD 8.92
|
| 952 |
|
|
|0 0
|1 0
|2 ddc
|4 0
|6 338_910917240000000_DAL
|7 0
|9 4879
|a BRACUL
|b BRACUL
|c GEN
|d 2009-11-03
|g 518.00
|l 1
|m 4
|o 338.91091724 DAL
|p 3010013314
|r 2012-03-20
|s 2012-02-14
|t 2
|w 2009-11-03
|y BK
|